1887 1325 1931 1204 1809 1465 1930 1172 1440 1329 1976 1016 1998 1270 1157 1451 1855 1742 1175 1627 1677 1168 1552 1887 1604 1810 1326 1436 1928 1524 1855 1129 1751 1495 1817 1910 1214 1100 1419 1760 1203 1601 1395 1853 1744 1408 1351 1307 1407 1028 1924 1717 1014 1906 1804 1456 1234 1536 1094 1952 1766 1436 1897 1219 1545 1527 1184 1607 1060 1633 1176 1872 1146 1040 1797 1078 1352 1679 1256 1551 1145 1269 1322 1528 1388 1247 1250 1976 1527 1636 1008 1886 1228 1608 1462 1286 1237 1937 1431 BCNSPRNW ULIB Ver.6.0+V

เปลี่ยนเป็นภาษาไทย

Change to English
 แสดงรายละเอียดบรรณานุกรม
  กลับหน้าหลัก

Brief Record : Get Marc (ISO 2709) : E-mail record : QR code < ปิดหน้าต่าง
LEADER : 00000nam 2200000uu 4500
001    13399122586
003     ULIB
008    020711s2544 th a 000 0 tha d
099    วจ.WM284^พ517ผ
100    พัชรพร สุคนธสรรพ์
110    มหาวิทยาลัยนเรศวร.^bคณะพยาบาลศาสตร์
245    ผลของโครงการอบรมนิสิตอาสาสมัครป้องกันปัญหายาเสพติด /^cพัชรพร สุคนธสรรพ์
260    พิษณุโลก :^bมหาวิทยาลัยนเรศวร,^c2544
300    69 หน้า
650    ปัญหายาเสพย์ติด^xการป้องกัน
650    อบรม^xปัญหายาเสพย์ติด
650    นิสิต^xป้องกันปัญหายาเสพย์ติด
945    ^p0^l0^i20031
รายการนี้ยังไม่มีแท็ก
คุณยังไม่ได้ล็อกอิน คุณสามารถมีกิจกรรมร่วมกับเว็บไซต์ได้ แต่ต้องล็อกอินก่อน ::
  ล็อกอิน

รายการสื่อสารสนเทศ

ลำดับที่ ประเภท เลขเรียก/บาร์โค้ด สถานที่ สถานะ
1. งานวิจัย
งานวิจัย
วจ.WM284^พ517ผ ฉ.1 
  Barcode: 20031
ห้องสมุดวิทยาเขตสวรรค์ประชารักษ์
►วิจัย
บนชั้น

BibComment


ยังไม่เคยถูกคอมเมนท์

คอมเมนท์ทรัพยากรรายการนี้
  คอมเมนท์: ผลของโครงการอบรมน..


 Copyright 2026. Bcnsprnw @Library